000 00423nam a2200181Ia 4500
005 20250423101240.0
008 250422s9999 xx 000 0 und d
020 _a0-534-19230-0
050 _aQA 273 .D864/
100 _aDurrett, Richard
245 4 _aThe essentials of probability
260 _aCalifornia
260 _bDuxbury Press
260 _c1994
300 _a269 p
650 _aMathematics
942 _cBK
999 _c35742
_d35742